La Eneida (Registro nro. 4655)
[ vista simple ]
| 000 -CABECERA | |
|---|---|
| Longitud fija campo de control | 00881nam a2200253Ia 4500 |
| 005 - • FECHA Y HORA DE LA ÚLTIMA TRANSACCIÓN | |
| Fecha y hora de la última transacción | 20220317000639.0 |
| 008 - • CÓDIGOS DE INFORMACIÓN DE LONGITUD FIJA | |
| Códigos de información de longitud fija | 160601s1997 sp g 000 0 spa |
| 020 ## - • NÚMERO INTERNACIONAL NORMALIZADO PARA LIBROS | |
| Número Internacional Normalizado para Libros (ISBN) | 8476726740 |
| 040 ## - FUENTE DE LA CATALOGACIÓN | |
| Centro catalogador de origen | CO-BoRNBP |
| Lengua de catalogación | spa |
| Normas de descripción | rda |
| Centro transcriptor | CO-BoRNBP |
| 084 ## - • Clasificación Local Alfanúmerica PNLB | |
| Número de clasificación | P VIR1 |
| 100 1# - • PUNTO DE ACCESO PRINCIPAL-NOMBRE DE PERSONA | |
| Nombre de persona | Virgilio Marón, Publio |
| Fechas asociadas al nombre | 70-19 a.C. |
| 245 13 - • TITULO PROPIAMENTE DICHO | |
| Título | La Eneida |
| Mención de responsabilidad, etc. | Virgilio ; traducción y notas Felipe Peyró Carrió ; prólogo y présentación Francesc L. Cardona |
| 250 ## - • MENCIÓN DE EDICIÓN | |
| Mención de edición | 2a. edición |
| 264 ## - PRODUCCIÓN, PUBLICACIÓN , DISTRIBUCIÓN, FABRICACIÓN Y COPYRIGHT | |
| Lugar de producción, publicación, distribución, fabricación | Barcelona |
| Nombre del productor, editor, distribuidor, fabricante | Edicomunicación |
| Fecha de de producción, publicación, distribución, fabricación o copyright | 1997 |
| 300 ## - • DESCRIPCIÓN FÍSICA | |
| Extensión | 317 páginas |
| Dimensiones | 20 cm |
| 336 ## - TIPO DE CONTENIDO | |
| Término de tipo de contenido | texto |
| Código de tipo de contenido | txt |
| Fuente | rdacontent |
| 337 ## - TIPO DE MEDIO | |
| Nombre del tipo de medio | sin mediación |
| Código del tipo de medio | n |
| Fuente | rdamedia |
| 338 ## - TIPO DE SOPORTE | |
| Nombre del tipo de soporte | volumen |
| Código del tipo de soporte | nc |
| Fuente | rdacarrier |
| 650 14 - • PUNTO DE ACCESO ADICIONAL DE MATERIA - TÉRMINO DE MATERIA | |
| Fuente del encabezamiento o término | LEMB |
| Término de materia o nombre geográfico como elemento inicial | Poesía épica latina |
| 650 14 - • PUNTO DE ACCESO ADICIONAL DE MATERIA - TÉRMINO DE MATERIA | |
| Fuente del encabezamiento o término | LEMB |
| Término de materia o nombre geográfico como elemento inicial | Literatura latina |
| 650 14 - • PUNTO DE ACCESO ADICIONAL DE MATERIA - TÉRMINO DE MATERIA | |
| Fuente del encabezamiento o término | LEMB |
| Término de materia o nombre geográfico como elemento inicial | Héroes troyanos en la literatura |
| 700 1# - • PUNTO DE ACCESO ADICIONAL - NOMBRE DE PERSONA | |
| Nombre de persona | Peyró Carrió, Felipe |
| Término indicativo de función | traductor |
| 942 ## - ENTRADA DE ELEMENTOS AGREGADOS (KOHA) | |
| Fuente de clasificaión o esquema | |
| Koha [por defecto] tipo de item | Libro Literatura |
| Perdido | Fuente de clasificación o esquema | Estado Físico | No para préstamo | Forma de adquisición | Localización permanente | Localización actual | Localización en estanterías | Fecha adquisición | Préstamos totales | Signatura completa | Código de barras | Fecha última consulta | Número de copia | Fecha del precio de reemplazo | Tipo de item de Koha |
|---|---|---|---|---|---|---|---|---|---|---|---|---|---|---|---|
| Dewey Decimal Classification | Colección General | Biblioteca Pública Dorado | Biblioteca Pública Dorado | Literatura | 03/01/2023 | P VIR1 | DOR02138 | 03/01/2023 | Ej.1 | 03/01/2023 | Libro Literatura | ||||
| Dewey Decimal Classification | Colección General | Biblioteca Pública José Eustasio Rivera - San Martin | Biblioteca Pública José Eustasio Rivera - San Martin | Literatura | 07/10/2023 | P VIR1 | SM002010 | 07/10/2023 | Ej.1 | 07/10/2023 | Libro Literatura | ||||
| Dewey Decimal Classification | Colección General | Biblioteca Pública Puerto López - Jorge Eliecer Gaitán | Biblioteca Pública Puerto López - Jorge Eliecer Gaitán | General | 10/28/2025 | P VIR1 | PLZ04216 | 10/28/2025 | Ej.1 | 10/28/2025 | Libro Literatura | ||||
| Dewey Decimal Classification | Colección General | Biblioteca Pública Barranca de Upia - María Dolores Herrera | Biblioteca Pública Barranca de Upia - María Dolores Herrera | Literatura | 10/04/2023 | P VIR1 | BUP00871 | 10/04/2023 | Ej.1 | 10/04/2023 | Libro Literatura | ||||
| Dewey Decimal Classification | Colección General | Biblioteca Pública Cabuyaro | Biblioteca Pública Cabuyaro | Literatura | 10/18/2023 | P VIR1 | CAB000881 | 10/18/2023 | Ej.1 | 10/18/2023 | Libro Literatura | ||||
| Dewey Decimal Classification | Colección General | Biblioteca Pública Mapiripan | Biblioteca Pública Mapiripan | Literatura | 01/16/2024 | P VIR1 | MAP00002552 | 01/16/2024 | Ej.1 | 01/16/2024 | Libro Literatura | ||||
| Dewey Decimal Classification | Colección General | Biblioteca Pública Uribe - Reinerio Arenas | Biblioteca Pública Uribe - Reinerio Arenas | Literatura | 01/24/2025 | P VIR1 | URI02348 | 01/24/2025 | Ej.1 | 01/24/2025 | Libro Literatura |